000 00539nam a2200181 a 4500
001 2091
005 20140414131855.0
008 001111s19uu xx 00 eng d
020 _a0-8631-3499-8
050 _aM 949.09
_bL98 1987
100 _aLye, Keith
245 _aLet's go to Yugoslavia /
_cKeith Lye ; Henry Pluckrose.
260 _aLondon :
_bFranklin Watts,
_c1987.
300 _a32 p. : ill., col. ; cm.
650 _aYugoslavia (Europe)
_xHistory.
650 _aYugoslavia (Europe)
_xDescription and travel.
999 _c110398
_d110398